| 000 | 00893nam a22002177a 4500 | ||
|---|---|---|---|
| 999 |
_c1062 _d1062 |
||
| 003 | AR-CdUCM | ||
| 008 | 190226b ||||| |||| 00| 0 spa d | ||
| 040 |
_aMUNICIPALIDAD PROVINCIAL DEL CUSCO _cBIBLIOTECA MUNICIPAL DEL CUSCO |
||
| 082 |
_a321.4 / _bD15 |
||
| 100 |
_aWilliam V. D'Antonio y Howard J. Ehrlich _94150 |
||
| 245 |
_aEl Poder en una Democracia / _cWilliam V. D'Antonio y Howard J. Ehrlich |
||
| 260 |
_aMexico : _bLibreros Mexicanos Unidos , _c1965. |
||
| 300 |
_a223 paginas : _c19 cm. |
||
| 505 | _aDemocracia Politica de los Estados unidos -- Particularidades mercantiles -- Sindicatos de Ovreros -- Asociaciones Porfesionales -- Gobiernos Politicos... | ||
| 650 |
_aDemocracia Politica. _94151 |
||
| 650 |
_aBurocracia. _91866 |
||
| 650 |
_aDemocracia. _92598 |
||
| 700 |
_aWilliam V. D'Antonio y Howard J. Ehrlich _94150 |
||
| 942 |
_2ddc _cLIBROS |
||
| 945 |
_artm _d2019-02-26 |
||